Album Destin - Ninho - Statistiques

Statistiques générales
  • Ce quiz a été pris 221 fois
  • Le résultat moyen est 11 sur 18
Statistiques - réponses
Réponse % Correct
10(feat. Niska) Maman ne le sait pas
89%
2 La vie qu'on mène
85%
3 Goutte d'eau
80%
7 (feat. Koba LaD) La vivance
72%
18 Outro
72%
15(feat. Fally Ipupa) À Kinshasa
68%
12(feat. Dadju) Jamais
68%
17(feat. Faouzia) Money
68%
13(feat. JuL) Jusqu'à minuit
59%
14 Putana
59%
5 Jeune lossa
54%
6 Tokarev
53%
1 Sans peine
52%
9 NI
49%
4 Paris c'est magique
48%
11 L'ancien
45%
16(feat. Tito) Zéro Paluche
43%
8 Big pac
42%
Aucun quiz correspondant
Distribution des résultats
% des personnes avec chaque résultat
Percentile par nombre de réponses
Votre historique - résultats
Vous n’avez pas pris ce quiz